| 000 | 01001nas a2200301 4500 | ||
|---|---|---|---|
| 001 | BR2015000229 | ||
| 003 | BR-BrBNA | ||
| 005 | 20231205124924.0 | ||
| 007 | ta | ||
| 008 | 230509b bl.|||p| |||| 00| 00por d | ||
| 040 |
_aBR-BrBNA _bpor _cBiblioteca Nacional de Agricultura |
||
| 041 | _a(Pt) | ||
| 072 | _aK70 | ||
| 100 | 1 | _aWhite, B.L.A. | |
| 100 | 1 | _aRibeiro, A. de S. | |
| 100 | 1 | _aWhite, L.A.S. | |
| 100 | 1 | _aRibeiro, G.T. | |
| 245 | 1 | _aCaracterização do material combustível superficial no Parque Nacional Serra de Itabaiana - Sergipe, Brasil | |
| 246 | 1 | _aCharacterization of the understory fuel in Serra de Itabaiana national park - Sergipe state, Brazil | |
| 650 | _aINCENDIO FLORESTAL | ||
| 650 | _aPROTECAO AMBIENTAL | ||
| 650 | _aFOGO | ||
| 650 | _aQUEIMADA | ||
| 650 | _aCOMBUSTIVEL | ||
| 773 | 0 |
_tCiência Florestal (Brazil) _xISSN 0103-9954 _g(Jul-Sep 2014), v. 24(3) p. 699-706 _wBR2015000229 |
|
| 909 |
_a202311 _bLúcia _c55 _dLúcia Elande |
||
| 942 |
_2AGRIS _n0 _cANA |
||
| 999 |
_c241631 _d241631 |
||